The review of property appraisals (Record no. 69946)
[ view plain ]
| 000 -LEADER | |
|---|---|
| fixed length control field | 01237cam a2200205 4500 |
| 001 - CONTROL NUMBER | |
| control field | ABS65255 |
| 008 - FIXED-LENGTH DATA ELEMENTS--GENERAL INFORMATION | |
| fixed length control field | 020409n2002 000 0 eng u |
| 035 ## - SYSTEM CONTROL NUMBER | |
| System control number | (Sirsi) u117416 |
| 100 1# - MAIN ENTRY--PERSONAL NAME | |
| Personal name | Andrew, A. |
| 245 #4 - TITLE STATEMENT | |
| Title | The review of property appraisals |
| 260 ## - PUBLICATION, DISTRIBUTION, ETC. | |
| Date of publication, distribution, etc. | 2002 |
| 490 ## - SERIES STATEMENT | |
| Series statement | Journal of Property Investment and Finance |
| Volume/sequential designation | 20(1) 2002, 59-67(9) |
| 520 ## - SUMMARY, ETC. | |
| Summary, etc. | In the current climate of outsourcing services the extent to which facilities managers make use of external contractors to supply property valuations and appraisals has grown significantly. In-house facilities or property managers in the UK that RICS members are bound to use the RICS "Appraisal and valuation manual". Examines the roles of the Red Book for property professionals involved in the review of appraisal reports and contrasts it with the "Uniform standards of professional practice" used in the USA. Concludes that the Red Book in its existing form may inhibit any appraisal review process that any organisation may try to implement. [Taken from journal abstract]. |
| 590 ## - LOCAL NOTE (RLIN) | |
| Local note | ABS |
| 650 24 - SUBJECT ADDED ENTRY--TOPICAL TERM | |
| Topical term or geographic name entry element | RICS APPRAISAL AND VALUATION MANUAL |
| 650 ## - SUBJECT ADDED ENTRY--TOPICAL TERM | |
| Topical term or geographic name entry element | UNITED STATES |
| 690 ## - LOCAL SUBJECT ADDED ENTRY--TOPICAL TERM (OCLC, RLIN) | |
| Topical term or geographic name as entry element | PROPERTY-PROPERTY APPRAISAL AND VALUATION |
| 700 2# - ADDED ENTRY--PERSONAL NAME | |
| Personal name | Pitt, M. |
| 942 ## - ADDED ENTRY ELEMENTS (KOHA) | |
| Suppress in OPAC | 0 |
| Withdrawn status | Lost status | Source of classification or shelving scheme | Damaged status | Not for loan | Home library | Current library | Shelving location | Date acquired | Total Checkouts | Full call number | Barcode | Date last seen | Copy number | Price effective from | Koha item type |
|---|---|---|---|---|---|---|---|---|---|---|---|---|---|---|---|
| Dewey Decimal Classification | London | London | Journal article | 09/04/2002 | ABS65255 | 117416-1001 | 06/08/2019 | 1 | 06/08/2019 | Journal article |